00780nam a2200205 a 450000100100000000500170001000800410002704000250006808200150009310000270010824501260013526000470026130000210030850000410032953400230037070000360039304900090042995201190043899900170055700002287920200930021843.0101122s1971 ag r 000 0 spa d aDO-SdBNPbspacBNPHU axxxbM367e1 aMarshall, James94702210aEspadas y símbolos :bensayos sobre los mecanismos de la democracia /cJames Marshall ; traducción Eduardo J. Prieto. aBuenos Aires, Argentina :bTroquel,c1971. a272 p. ;c20 cm. aIncluye bibliografía p. [259-270]. aSwords and symbols1 aPrieto, Eduardo J.,etr.940991 aBNGR 001054708MOaGRbGRcCTd2010-11-22iLF1l0oxxx M367ep22879-10r2020-06-25w2020-06-25y4ZPréstamo en sala c22376d22376